Motette Tu es Petrus

Hlavní autor: Palestrina, Giovanni Pierluigi da, 1525-1594
Další autoři: Quadflieg, Jakob, 1854-1915
Jazyk: Latina
Vydáno: Leipzig : Breitkopf u. Härtel, 1950
Edice: Breitkopf & Härtel's Partitur-Bibliothek
Fyzický popis: 8, 16 s.
Hudebniny Hudebniny
Uloženo v:
LEADER 00968ncm a22002532a 4500
001 001092040
003 CZ BrMZK
005 20110216142000.0
007 qu
008 960101s1950 gw f lat d
040 |a BOA001  |b cze 
072 7 |a 784  |x Vokální hudba  |2 Konspekt  |9 9 
100 1 |a Palestrina, Giovanni Pierluigi da,  |d 1525-1594  |7 jn20000604332  |4 cmp 
245 1 0 |a Motette Tu es Petrus  |h [hudebnina] /  |c Giovanni Pierluigi da Palestrina ; für den heutigen Chorgebrauch eingerichtet von J. Quadflieg 
246 3 3 |a Tu es Petrus 
260 |a Leipzig :  |b Breitkopf u. Härtel,  |c 1950 
300 |a 8, 16 s. 
490 1 |a Breitkopf & Härtel's Partitur-Bibliothek ;  |v Nr. 2807 
700 1 |a Quadflieg, Jakob,  |d 1854-1915  |7 mzk2010612438  |4 arr 
830 0 |a Breitkopf & Härtel's Partitur-Bibliothek 
910 |a BOA001  |b Mus3-0452.701 
990 |a MU 
991 |b 201003 
996 6 |b 2619451330  |c Mus3-0452.701  |l MZK  |r Sklad / do 1 hodiny  |n 0  |w 001117056  |u 000010  |a 1  |e BOA001  |j MZK50  |s P